000 01298nam a2200361 i 4500
999 _c2517
_d2517
001 022592092
003 UkOxU
005 20230704151539.0
008 210712s2021 enka 000 0 eng c
020 _a9781108822794
_qpaperback
035 _a(StEdALDL)1/4061032
040 _aUkOxU
_beng
_erda
_cUkOxU
_dKH8
042 _aukscp
049 _aCROBAR
082 _2330 BAM
100 1 _aBamford, C. G.
_q(Colin Grahame),
_eauthor.
245 1 0 _aEconomics for Cambridge international AS & A level :
_bworkbook /
_cColin Bamford.
246 3 _aEconomics for Cambridge international Advanced Supplementary & Advanced level
250 _aSecond edition.
264 1 _aCambridge :
_bCambridge University Press,
_c2021.
264 4 _c©2021
300 _axi, 204 pages :
_billustrations ;
_c28 cm
336 _atext
_2rdacontent
336 _astill image
_2rdacontent
337 _aunmediated
_2rdamedia
338 _avolume
_2rdacarrier
500 _a"Digital Access"--Cover.
506 1 _aDigital access via access code is available to purchaser of workbook, which will be available for 2 years.
650 0 _aEconomics
_vExaminations, questions, etc.
650 0 _aAdvanced supplementary examinations
_vStudy guides.
650 0 _aA-level examinations
_xStudy guides.
942 _2ddc
_cTR